[Event "Nuremberg-ch op 03rd"]
[Site "Nuremberg"]
[Date "2003.05.31"]
[Round "3"]
[White "Riexinger, Martin"]
[Black "Kauppert, Joachim"]
[Result "0-1"]
[WhiteElo "1220"]
[BlackElo "1645"]
[PlyCount "132"]
[EventDate "2003.05.30"]
[EventType "swiss"]
[EventRounds "5"]
[EventCountry "GER"]
[SourceTitle "EXT 2006"]
[Source "ChessBase"]
[SourceDate "2005.11.24"]
[SourceVersion "1"]
[SourceVersionDate "2005.11.24"]
[SourceQuality "1"]

1. d4 d5 2. c4 e6 3. Nc3 Nf6 4. Bf4 c5 5. Nb5 Na6 6. Qa4 Bd7 7. Nf3 cxd4 8. Bd6 Be7 9. Qa3 dxc4 10. Bxe7 Qxe7 11. Nd6+ Kf8 12. Nxc4 Qb4+ 13. Qxb4+ Nxb4 14. Nxd4 Rc8 15. e3 b5 16. Nd6 Rb8 17. a3 e5 18. axb4 exd4 19. exd4 Ke7 20. Nxb5 Bxb5 21. Bxb5 Rxb5 22. Rxa7+ Ke6 23. Ra6+ Kf5 24. Ra5 Rhb8 25. 0-0 Kg6 26. Rxb5 Rxb5 27. Rd1 Rxb4 28. Rd2 Nd5 29. f3 Kf5 30. Kf2 Ke6 31. g3 Nf6 32. Re2+ Kd6 33. Ke3 Rb3+ 34. Kf4 Rd3 35. h4 Rxd4+ 36. Kf5 Rd3 37. Kf4 Rb3 38. Rd2+ Kc5 39. Rc2+ Kd6 40. Rd2+ Nd5+ 41. Ke4 Re3+ 42. Kd4 Rxf3 43. Kc4 Rf5 44. b4 Ke6 45. b5 Nb6+ 46. Kb4 Re5 47. Rc2 Kd7 48. Ka5 Re6 49. Ka6 f5 50. Kb7 Nd5 51. Rc5 Rd6 52. Ka7 g6 53. h5 g5 54. b6 Ke6 55. b7 Rb6 56. b8Q Rxb8 57. Kxb8 f4 58. gxf4 gxf4 59. Rc6+ Kf5 60. Rh6 Nf6 61. Kc7 f3 62. Kd6 f2 63. Ke7 Ng8+ 64. Kf7 Nxh6+ 65. Kg7 Ng4 66. Kxh7 f1Q 0-1

[Event "Nuremberg-ch op 02nd"]
[Site "Nuremberg"]
[Date "2002.06.23"]
[Round "5"]
[White "Vogiatzis, Joannis"]
[Black "Kauppert, Joachim"]
[Result "1-0"]
[WhiteElo "1948"]
[BlackElo "1567"]
[PlyCount "27"]
[EventDate "2002.06.21"]
[EventType "swiss"]
[EventRounds "5"]
[EventCountry "GER"]
[SourceTitle "EXT 2006"]
[Source "ChessBase"]
[SourceDate "2005.11.24"]
[SourceVersion "1"]
[SourceVersionDate "2005.11.24"]
[SourceQuality "1"]

1. d4 d5 2. Nf3 Nf6 3. g3 Bf5 4. Bg2 e6 5. 0-0 h6 6. c4 c5 7. Nc3 dxc4 8. Qa4+ Nc6 9. Ne5 Nd7 10. Nxc6 bxc6 11. Bxc6 Rc8 12. dxc5 Bxc5 13. Rd1 Rc7 14. Bf4 1-0

[Event "Nuremberg Zabo op 03rd"]
[Site "Nuremberg"]
[Date "2001.09.21"]
[Round "1"]
[White "Kauppert, Joachim"]
[Black "Margraf, Achim"]
[Result "1-0"]
[WhiteElo "1570"]
[BlackElo "1879"]
[PlyCount "121"]
[EventDate "2001.09.21"]
[EventType "swiss"]
[EventRounds "5"]
[EventCountry "GER"]
[SourceTitle "EXT 2003"]
[Source "ChessBase"]
[SourceDate "2002.11.25"]
[SourceVersion "1"]
[SourceVersionDate "2002.11.25"]
[SourceQuality "1"]

1. d4 Nf6 2. c4 e6 3. Nc3 Bb4 4. Qc2 0-0 5. a3 Be7 6. Bg5 d5 7. Nf3 Nbd7 8. e3 b6 9. cxd5 exd5 10. Be2 Bb7 11. Rc1 a6 12. 0-0 Rc8 13. Rfd1 c5 14. dxc5 bxc5 15. Qb3 Qb6 16. Qxb6 Nxb6 17. Nd2 h6 18. Bh4 g5 19. Bg3 Rfd8 20. Nb3 c4 21. Nd4 Nbd7 22. Nf5 Bf8 23. Bd6 Bxd6 24. Nxd6 Rb8 25. Nxb7 Rxb7 26. Nxd5 Rdb8 27. Nxf6+ Nxf6 28. Bxc4 Rxb2 29. Bxa6 Ng4 30. Rf1 Ra2 31. Ra1 Rd2 32. h3 Ne5 33. a4 Rbb2 34. Bb5 g4 35. Rad1 Rdc2 36. Bd3 Nxd3 37. Rxd3 g3 38. Rd4 gxf2+ 39. Kh2 Re2 40. Rf4 Ra2 41. g4 Rxe3 42. R1xf2 Raa3 43. h4 Rh3+ 44. Kg2 Rxh4 45. R2f3 Rxf3 46. Kxf3 Rh3+ 47. Ke4 Ra3 48. Kd5 Kg7 49. Kc5 Kg6 50. Kb5 Kg5 51. Rc4 h5 52. gxh5 Kxh5 53. a5 f5 54. a6 Rxa6 55. Kxa6 Kg5 56. Kb5 f4 57. Rc1 f3 58. Kc4 Kf4 59. Kd3 Kg3 60. Ke3 Kg2 61. Rc2+ 1-0

[Event "Mittelfranken-ch QT 50th"]
[Site "Buechenbach"]
[Date "2001.??.??"]
[Round "2"]
[White "Heinz, Manfred"]
[Black "Kauppert, Joachim"]
[Result "1-0"]
[WhiteElo "1779"]
[BlackElo "1486"]
[PlyCount "45"]
[EventDate "2001.04.11"]
[EventType "swiss"]
[EventRounds "7"]
[EventCountry "GER"]
[SourceTitle "EXT 2015"]
[Source "ChessBase"]
[SourceDate "2014.11.20"]
[SourceVersion "1"]
[SourceVersionDate "2014.11.20"]
[SourceQuality "1"]

1. Nf3 Nf6 2. g3 d5 3. Bg2 Bf5 4. d3 e6 5. 0-0 Be7 6. c4 0-0 7. Nbd2 Nbd7 8. a3 dxc4 9. Nxc4 c6 10. e4 Bg6 11. Bf4 Nb6 12. Ne3 h6 13. b4 Nh5 14. Be5 Bf6 15. Qb3 Bxe5 16. Nxe5 Bh7 17. Bh3 Nf6 18. Nxf7 Kxf7 19. Qxe6+ Kg6 20. Bf5+ Kh5 21. g4+ Kg5 22. f4+ Kh4 23. Ng2+ 1-0

[Event "Mittelfranken-ch QT 50th"]
[Site "Buechenbach"]
[Date "2001.??.??"]
[Round "3"]
[White "Kauppert, Joachim"]
[Black "Mack, Lienhard"]
[Result "1-0"]
[WhiteElo "1486"]
[BlackElo "1200"]
[PlyCount "73"]
[EventDate "2001.04.11"]
[EventType "swiss"]
[EventRounds "7"]
[EventCountry "GER"]
[SourceTitle "EXT 2015"]
[Source "ChessBase"]
[SourceDate "2014.11.20"]
[SourceVersion "1"]
[SourceVersionDate "2014.11.20"]
[SourceQuality "1"]

1. d4 Nf6 2. c4 g6 3. Nc3 Bg7 4. e4 d6 5. Be2 0-0 6. Nf3 e5 7. d5 Nh5 8. 0-0 f5 9. Ne1 Nf6 10. f3 f4 11. Nd3 b6 12. Bd2 Nbd7 13. b4 Ba6 14. Qb3 Rb8 15. a4 Bc8 16. a5 Rb7 17. Qa3 Rb8 18. c5 bxa5 19. bxa5 Ne8 20. Rfb1 Ba6 21. cxd6 Rxb1+ 22. Rxb1 cxd6 23. Nxe5 Bxe2 24. Nc6 Bd4+ 25. Nxd4 Ba6 26. Ne6 Qc8 27. Nxf8 Bd3 28. Rc1 Kxf8 29. Bxf4 Qc4 30. Ne2 Qa6 31. Rc6 Nb6 32. Nd4 Bb5 33. Nxb5 Qxb5 34. Qa1 Nc4 35. Qh8+ Kf7 36. Qxh7+ Kf8 37. Bh6+ 1-0

[Event "Pyramiden Franken Cup 3rd"]
[Site "Fuerth"]
[Date "2000.08.20"]
[Round "2"]
[White "Hefter, Franz"]
[Black "Kauppert, Joachim"]
[Result "1-0"]
[WhiteElo "1970"]
[BlackElo "1361"]
[PlyCount "65"]
[EventDate "2000.08.19"]
[EventType "swiss"]
[EventRounds "9"]
[EventCountry "GER"]
[SourceTitle "EXT 2010"]
[Source "ChessBase"]
[SourceDate "2010.11.25"]
[SourceVersion "1"]
[SourceVersionDate "2010.11.25"]
[SourceQuality "1"]

1. d4 d5 2. c4 e6 3. Nc3 Nf6 4. Bg5 Be7 5. e3 0-0 6. cxd5 Nxd5 7. Bxe7 Qxe7 8. Nxd5 exd5 9. Rc1 Qb4+ 10. Qd2 Qxd2+ 11. Kxd2 c6 12. Bd3 Be6 13. Nf3 Nd7 14. Rc2 Rac8 15. Rhc1 Nb6 16. b3 f5 17. g3 a6 18. Ne5 Nd7 19. f4 Nxe5 20. fxe5 Rf7 21. b4 Rcf8 22. h4 g6 23. a4 Bd7 24. Rb2 Rc8 25. Rbc2 Rff8 26. b5 axb5 27. axb5 cxb5 28. Rxc8 Rxc8 29. Rxc8+ Bxc8 30. Bxb5 Kf7 31. Kc3 Ke7 32. Kb4 b6 33. Bc6 1-0